[Event "I liga CS 2016."]
[Site "Kragujevac,hotel Sumarice"]
[Date "2016.09.11"]
[Round "2.5"]
[White "Arandjelovic, Aleksandar Z"]
[Black "Dezelin, Milan"]
[Result "0-1"]
[WhiteElo "2049"]
[BlackElo "2227"]
[PlyCount "76"]
[EventDate "2016.09.10"]

1. d4 Nf6 2. c4 e6 3. Nc3 Bb4 4. Bg5 h6 5. Bh4 c5 6. d5 b5 7. e3 bxc4 8. dxe6
fxe6 9. Bxc4 O-O 10. Nf3 d5 11. Bd3 Nc6 12. O-O Qa5 13. Bxf6 Rxf6 14. Rc1 Ba6
15. a3 Bxc3 16. Rxc3 Bxd3 17. Qxd3 c4 18. Qe2 Qb6 19. e4 Rb8 20. Rc2 Rxf3 21.
gxf3 Nd4 22. Qd1 Nxc2 23. Qxc2 Qxb2 24. Qa4 Qb6 25. Rc1 Rf8 26. exd5 exd5 27.
Qd7 Rd8 28. Qf5 Qf6 29. Qxf6 gxf6 30. Kf1 Kf7 31. Ke2 Rb8 32. Ke3 Ke6 33. a4
Kd6 34. Rg1 Rb3+ 35. Ke2 d4 36. Rg4 Rb2+ 37. Ke1 Rb1+ 38. Ke2 d3+ 0-1

[Event "I liga CS 2016."]
[Site "Kragujevac,hotel Sumarice"]
[Date "2016.09.11"]
[Round "2.5"]
[White "Ivic, Matija"]
[Black "Manic, Ljubomir"]
[Result "1/2-1/2"]
[WhiteElo "2156"]
[BlackElo "2152"]
[PlyCount "74"]
[EventDate "2016.09.10"]

1. d4 Nf6 2. Nf3 c5 3. c4 e6 4. g3 b6 5. d5 exd5 6. cxd5 d6 7. Nc3 Be7 8. Bg2
O-O 9. O-O a6 10. a4 Bf5 11. Nd2 Re8 12. e4 Bg4 13. f3 Bh5 14. Nc4 Bf8 15. Re1
Nfd7 16. g4 Bg6 17. f4 f6 18. Be3 Ra7 19. Bf2 Rb7 20. Qd2 b5 21. axb5 axb5 22.
Na5 Rb6 23. Nc6 Qc8 24. Ra7 b4 25. Na4 Ra6 26. Rxa6 Qxa6 27. b3 Bf7 28. Bf1 Qb7
29. Na5 Qc8 30. Nc4 Na6 31. Bg3 Nc7 32. Qd3 Na8 33. h3 Qc7 34. Ra1 Nab6 35.
Naxb6 Nxb6 36. Nxb6 Qxb6 37. Qc4 Qb7 1/2-1/2

[Event "I liga CS 2016."]
[Site "Kragujevac,hotel Sumarice"]
[Date "2016.09.11"]
[Round "2.6"]
[White "Chatalbashev, Boris"]
[Black "Radovanovic, Jovica"]
[Result "1/2-1/2"]
[WhiteElo "2542"]
[BlackElo "2351"]
[PlyCount "68"]
[EventDate "2016.09.10"]

1. d4 d5 2. c4 e6 3. Nc3 Be7 4. cxd5 exd5 5. Bf4 c6 6. e3 Bd6 7. Bxd6 Qxd6 8.
Bd3 Nf6 9. Qc2 Nbd7 10. Nf3 O-O 11. h3 Re8 12. g4 Nf8 13. O-O-O Be6 14. Kb1
Rac8 15. Rc1 a6 16. Na4 Ne4 17. Nc5 Qe7 18. Ka1 Nd6 19. Nxe6 Qxe6 20. Ng5 Qh6
21. h4 g6 22. Nh3 Rc7 23. g5 Qg7 24. h5 Ne6 25. f3 c5 26. Qh2 Rc6 27. dxc5 Rec8
28. hxg6 hxg6 29. Nf4 Nxf4 30. Qxf4 Nc4 31. Bxc4 Rxc5 32. Rh4 dxc4 33. Qf6 Qxf6
34. gxf6 R8c6 1/2-1/2

[Event "I liga CS 2016."]
[Site "Kragujevac,hotel Sumarice"]
[Date "2016.09.11"]
[Round "2.6"]
[White "Pantelic, Sasa"]
[Black "Mijailovic, Zoran"]
[Result "1/2-1/2"]
[WhiteElo "2316"]
[BlackElo "2411"]
[PlyCount "56"]
[EventDate "2016.09.10"]

1. d4 Nf6 2. c4 e6 3. Nc3 Bb4 4. e3 O-O 5. Bd3 d5 6. Nf3 c5 7. O-O cxd4 8. exd4
dxc4 9. Bxc4 b6 10. Bg5 Bb7 11. Qe2 Bxc3 12. bxc3 Nbd7 13. Ne5 Qc7 14. Nxd7
Nxd7 15. Rac1 e5 16. Bb5 Rfe8 17. Qg4 Bc6 18. Bh6 g6 19. Bxc6 Qxc6 20. Rfd1
Rac8 21. d5 Qd6 22. Qb4 Nc5 23. Be3 Rc7 24. a4 Rec8 25. c4 Nb7 26. Qb5 Qd7 27.
Qb4 Qd6 28. Qb5 Qd7 1/2-1/2

[Event "I liga CS 2016."]
[Site "Kragujevac,hotel Sumarice"]
[Date "2016.09.11"]
[Round "2.6"]
[White "Radusinovic, Lazar"]
[Black "Jesic, Dusan"]
[Result "1/2-1/2"]
[WhiteElo "2349"]
[BlackElo "2348"]
[PlyCount "39"]
[EventDate "2016.09.10"]

1. d4 Nf6 2. Nf3 c5 3. c4 cxd4 4. Nxd4 b6 5. Nc3 Bb7 6. f3 e6 7. a3 d5 8. cxd5
exd5 9. e4 dxe4 10. Bb5+ Nbd7 11. Bf4 a6 12. Bc6 Qc8 13. Bxb7 Qxb7 14. O-O Nc5
15. Qe2 Be7 16. fxe4 O-O 17. e5 Nfe4 18. Nf5 Nxc3 19. Qg4 Ne6 20. bxc3 1/2-1/2

[Event "I liga CS 2016."]
[Site "Kragujevac,hotel Sumarice"]
[Date "2016.09.11"]
[Round "2.6"]
[White "Misic, Dragan"]
[Black "Nadj Hedjesi, Balind"]
[Result "1/2-1/2"]
[WhiteElo "2262"]
[BlackElo "2311"]
[PlyCount "50"]
[EventDate "2016.09.10"]

1. d4 Nf6 2. Nf3 b6 3. g3 Bb7 4. Bg2 e6 5. O-O c5 6. c3 Be7 7. Nbd2 Nc6 8. Ne5
O-O 9. Ndc4 b5 10. Nxc6 Bxc6 11. Ne5 Bxg2 12. Kxg2 Qb6 13. Kg1 d6 14. Nf3 Ne4
15. Be3 Rac8 16. Nd2 Nf6 17. f3 e5 18. dxe5 dxe5 19. Qc2 Qb7 20. c4 a6 21. Rad1
Rfe8 22. b3 e4 23. Nxe4 Nxe4 24. fxe4 Bf8 25. Rd5 Re6 1/2-1/2

[Event "I liga CS 2016."]
[Site "Kragujevac,hotel Sumarice"]
[Date "2016.09.11"]
[Round "2.6"]
[White "Ravic, Nenad"]
[Black "Urosevic, Zoran"]
[Result "1-0"]
[WhiteElo "2282"]
[BlackElo "2196"]
[PlyCount "59"]
[EventDate "2016.09.10"]

1. e4 c5 2. Nf3 d6 3. d4 cxd4 4. Nxd4 Nf6 5. Nc3 a6 6. Bc4 e6 7. Bb3 b5 8. Bg5
Be7 9. Qf3 Ra7 10. O-O-O Bd7 11. Be3 Rc7 12. g4 O-O 13. g5 Ne8 14. Rhg1 Nc6 15.
Qh5 b4 16. Na4 Na5 17. Rg3 Nxb3+ 18. axb3 g6 19. Qh6 Ng7 20. Rh3 Nh5 21. Rg1
Re8 22. Rxh5 gxh5 23. Rg3 Bxa4 24. bxa4 Rc5 25. g6 hxg6 26. Rxg6+ fxg6 27.
Qxg6+ Kh8 28. Qh6+ Kg8 29. Qg6+ Kh8 30. Nxe6 1-0

[Event "I liga CS 2016."]
[Site "Kragujevac,hotel Sumarice"]
[Date "2016.09.11"]
[Round "2.6"]
[White "Merdovic, Miroljub"]
[Black "Lukic, Dragan M"]
[Result "1/2-1/2"]
[WhiteElo "2123"]
[BlackElo "2242"]
[PlyCount "51"]
[EventDate "2016.09.10"]

1. c3 d5 2. d3 e5 3. Qc2 f5 4. e4 Nf6 5. Bg5 c6 6. Nf3 Bd6 7. Nbd2 h6 8. Bxf6
Qxf6 9. Be2 O-O 10. h4 a5 11. Nf1 fxe4 12. dxe4 dxe4 13. Qxe4 Bf5 14. Qe3 Nd7
15. Bc4+ Kh8 16. Ng3 Bc5 17. Qe2 Bg4 18. Rd1 Ba7 19. Ne4 Qf4 20. Bd3 Bxf3 21.
gxf3 Qxf3 22. Qxf3 Rxf3 23. Be2 Rf7 24. Bh5 Re7 25. Ke2 Rf8 26. Bg6 1/2-1/2